• 首页
  • 本馆介绍
  • 公告通知
  • 最新文献
  • 馆藏检索
  • 电子资源
  • 读者导购
  • 参考咨询
  • 我的图书馆
  • 登录
  • 详细信息显示
  • 放入我的书架
  • 预约/预借图书
  • 作者相关作品
  • 分类相关作品
  • 丛书相关作品
  • 出版社相关作品

书目信息

  • 表格格式
  • 工作单格式
  • 卡片格式
题名:
有机微量定量分析
    
 
作者: ;兰州大学化学系 , 中国科学院上海药物研究所 编
分册:  
出版信息: 北京   科学出版社  1978
页数: 498页
开本: 19cm
丛书名:
单 册:
中图分类: O656.31
科图分类:
主题词: 有机分析:微量分析:定量分析 , 微量分析:有机分析:定量分析 , 定量分析:微量分析:有机分析
电子资源:
ISBN:
000 00828nam0 2200253 45
001 0178006268
005 20060814163040.28
010    @dCNY1.65
091    @aCN@b13031.761
100    @a19950727d1978 em y0chiy0121 ea
101 0  @achi
102    @aCN@b110000
105    @ay z 000yy
200 10 @a有机微量定量分析@Ayou ji wei liang ding liang fen xi@f兰州大学化学系,中国科学院上海药物研究所编
210    @a北京@c科学出版社@d1978
215    @a498页@d19cm
606    @a有机分析:微量分析:定量分析
606    @a微量分析:有机分析:定量分析
606    @a定量分析:微量分析:有机分析
690    @aO656.31@v3
711 02 @a兰州大学化学系@Alan zhou da xue hua xue xi@4编
711 02 @a中国科学院上海药物研究所@Azhong guo ke xue yuan shang hai yao wu yan jiu suo@4编
801  0 @aCN@bTSSF@c20060814
905    @a10447@dO656.31@e10
    
    有机微量定量分析/兰州大学化学系,中国科学院上海药物研究所编.-北京:科学出版社,1978
    498页;19cm
    
    
    ISBN :CNY1.65
    
●
相关链接 在E读中查询图书 在五车中查询图书 在当当中查询图书 在豆瓣中查询图书


正题名:有机微量定量分析     索取号:O656.31/10         预约/预借

序号 登录号 条形码 馆藏地/架位号 状态 备注
1 0443163   204431631   密集书库/ [索取号:O656.31/10] 在馆    
2 0443164   204431640   密集书库/ [索取号:O656.31/10] 在馆    
3 0443165   204431659   密集书库/ [索取号:O656.31/10] 在馆    
4 0454405   204544056   密集书库/ [索取号:O656.31/10] 在馆    
5 0454406   204544065   密集书库/ [索取号:O656.31/10] 在馆    
6 0461251   204612516   密集书库/ [索取号:O656.31/10] 在馆    
唐山师范学院图书馆 欢迎您!
大连网信软件有限公司© 版权所有